Bioplynová technológia a jej využitie vo veľkovýrobe bakalárska práca

Gespeichert in:
Bibliographische Detailangaben
1. Verfasser: Pojedinec, Peter
Körperschaft: Podnikovohospodárska fakulta EU so sídlom v Košiciach. Katedra marketingu a obchodu
Weitere Verfasser: Polák, Matej
Format: Buch
Sprache:Slowakisch
Veröffentlicht: Košice 2010
Tags: Tag hinzufügen
Keine Tags, Fügen Sie das erste Tag hinzu!

MARC

LEADER 00000nbm a2200000 4500
001 0132809
005 20170315090423.2
041 0 |a slo 
044 |a SK 
245 1 0 |a Bioplynová technológia a jej využitie vo veľkovýrobe  |b bakalárska práca  |c Peter Pojedinec ; školiteľ: Matej Polák 
264 1 |a Košice  |c 2010 
300 |a 58 s. 
100 1 |a Pojedinec, Peter 
700 1 |a Polák, Matej 
710 2 |a Podnikovohospodárska fakulta EU so sídlom v Košiciach. Katedra marketingu a obchodu